[Event "Tournoi Skype 008"]
[Site "Skype"]
[Date "????.??.??"]
[Round "1.1"]
[White "Ayotte, Jocelyn"]
[Black "Khatanhar, Mohit"]
[Result "1-0"]
[WhiteElo "2110"]
[BlackElo "1499"]
[PlyCount "83"]

1. d4 d5 2. c4 dxc4 3. Nf3 e6 4. e4 Bb4+ 5. Nc3 Bxc3+ 6. bxc3 Nf6 7. Bg5 Qd7 8.
Qc2 Ng8 9. Bxc4 Ne7 10. h4 h6 11. Be3 b6 12. a4 a5 13. Rd1 Bb7 14. O-O O-O 15.
g4 e5 16. Nxe5 Qc8 17. f3 Nd7 18. h5 Nxe5 19. dxe5 Kh8 20. Qc1 Bxe4 21. e6 Bb7
22. Bxh6 fxe6 23. Bg5 e5 24. Qe3 Bxf3 25. Rxf3 Qxg4+ 26. Kf2 e4 27. Rxf8+ Rxf8+
28. Ke1 Nf5 29. Qf4 Qxh5 30. Be2 Qh1+ 31. Kd2 Qg2 32. Rf1 e3+ 33. Ke1 Qd5 34.
Rf3 Qd2+ 35. Kf1 Qxc3 36. Rh3+ Kg8 37. Bc4+ Qxc4+ 38. Qxc4+ Rf7 39. Rh8+ Kxh8
40. Qxf7 Ng3+ 41. Ke1 Ne4 42. Qe8+ 1-0

[Event "Tournoi Skype 008"]
[Site "Skype"]
[Date "????.??.??"]
[Round "1.2"]
[White "Mertz, Kathy"]
[Black "Auger, Bertrand"]
[Result "0-1"]
[WhiteElo "1499"]
[BlackElo "2027"]
[PlyCount "34"]

1. e4 e6 2. d4 d5 3. e5 c5 4. Bb5+ Bd7 5. Bxd7+ Qxd7 6. Nf3 Qb5 7. Qd3 Qxd3 8.
cxd3 Nc6 9. dxc5 Bxc5 10. O-O Nge7 11. Re1 Rc8 12. Be3 d4 13. Bg5 Nb4 14. Re2
Nxd3 15. Bxe7 Kxe7 16. Rd2 Bb4 17. Rxd3 Rc1+ 0-1

[Event "Tournoi Skype 008"]
[Site "Skype"]
[Date "????.??.??"]
[Round "1.3"]
[White "Hervais, Adrien"]
[Black "Ramirez, Rodrigo"]
[Result "1-0"]
[WhiteElo "1992"]
[BlackElo "1499"]
[PlyCount "57"]

1. e4 g6 2. Bc4 e6 3. d4 d5 4. Bd3 Nf6 5. e5 Ne4 6. Ne2 c5 7. f3 Nf2 8. Kxf2
Qh4+ 9. g3 Qd8 10. Bb5+ Bd7 11. Bxd7+ Nxd7 12. c3 a5 13. Nf4 b5 14. Qe2 Qb6 15.
Be3 b4 16. Nd2 Rc8 17. cxb4 cxb4 18. Rac1 Nc5 19. dxc5 Qc6 20. Nb3 Bg7 21. Nxa5
Qc7 22. Qb5+ Qd7 23. c6 Qe7 24. Bc5 Qc7 25. Bd6 Qa7+ 26. Rc5 f6 27. c7+ Kf7 28.
Qd7+ Kg8 29. Qxe6# 1-0

[Event "Tournoi Skype 008"]
[Site "Skype"]
[Date "????.??.??"]
[Round "1.4"]
[White "Trivedi, Viral"]
[Black "Harnandan, Sergio"]
[Result "0-1"]
[WhiteElo "1499"]
[BlackElo "1982"]
[PlyCount "78"]

1. e4 e5 2. Bc4 Nf6 3. d3 Nc6 4. Bg5 Be7 5. Nc3 h6 6. Bxf6 Bxf6 7. Nf3 d6 8. h3
Ne7 9. Nd5 Nxd5 10. Bxd5 c6 11. Bc4 b5 12. Bb3 a5 13. c4 a4 14. Bc2 bxc4 15.
dxc4 O-O 16. Bxa4 Qa5+ 17. Nd2 Qxa4 18. Qxa4 Rxa4 19. b3 Ra7 20. O-O Be6 21. a4
d5 22. Rac1 Bg5 23. Rfd1 Bxd2 24. Rxd2 d4 25. Kh2 Rb8 26. Rb2 Rxa4 27. bxa4
Rxb2 28. Ra1 Bxc4 29. a5 Ba6 30. Rc1 Ra2 31. Rxc6 Rxa5 32. Rd6 Bd3 33. f3 Ra2
34. Rd8+ Kh7 35. Kg3 Bf1 36. Kg4 Rxg2+ 37. Kh4 Be2 38. Rf8 g5+ 39. Kh5 Bxf3#
0-1

[Event "Tournoi Skype 008"]
[Site "Skype"]
[Date "????.??.??"]
[Round "1.5"]
[White "Catherine, Bertrand"]
[Black "Capdeville, Jean"]
[Result "1-0"]
[WhiteElo "1965"]
[BlackElo "1494"]
[PlyCount "43"]

1. e4 e5 2. Nf3 Nc6 3. Nc3 Nf6 4. d4 exd4 5. Nxd4 Nxd4 6. Qxd4 d6 7. Bg5 Be7 8.
O-O-O h6 9. Bh4 Be6 10. e5 dxe5 11. Qxe5 Qc8 12. Nb5 O-O 13. Qxc7 Qxc7 14. Nxc7
Rad8 15. Nxe6 fxe6 16. Bc4 Rxd1+ 17. Rxd1 Kf7 18. Re1 Nd5 19. Bxe7 Kxe7 20.
Bxd5 Rxf2 21. Bxb7 Rxg2 22. Bxg2 1-0

[Event "Tournoi Skype 008"]
[Site "Skype"]
[Date "????.??.??"]
[Round "1.6"]
[White "Loyarte, Frederic"]
[Black "Deville, Olivier"]
[Result "0-1"]
[WhiteElo "1487"]
[BlackElo "1899"]
[PlyCount "62"]

1. e4 c5 2. Nc3 d6 3. Nf3 Nf6 4. Bc4 e6 5. d4 cxd4 6. Nxd4 a6 7. Bb3 Be7 8. Bg5
h6 9. Bh4 O-O 10. O-O Qc7 11. Qf3 Nc6 12. Nxc6 bxc6 13. Rfe1 Bb7 14. Rad1 c5
15. Bxf6 Bxf6 16. Qg3 Bxc3 17. bxc3 c4 18. Ba4 Rfd8 19. Rd4 Rac8 20. Red1 Qa5
21. Rxd6 Rxd6 22. Qxd6 Qxa4 23. Qd4 Qc6 24. f3 Qc5 25. Qxc5 Rxc5 26. Rd7 Bc8
27. Rd8+ Kh7 28. a4 e5 29. h4 Be6 30. Ra8 Ra5 31. g3 Rxa4 0-1

[Event "Tournoi Skype 008"]
[Site "Skype"]
[Date "????.??.??"]
[Round "1.9"]
[White "Legueltel, Daniel"]
[Black "L'Herbon De Lussats, Jean"]
[Result "1-0"]
[WhiteElo "1725"]
[BlackElo "1428"]
[PlyCount "87"]

1. d4 d5 2. c4 c6 3. Nf3 Nf6 4. cxd5 cxd5 5. Nc3 Nc6 6. e3 e6 7. Bd3 Bb4 8. Bd2
Bxc3 9. Bxc3 O-O 10. O-O Qc7 11. Rc1 Re8 12. Ne5 Nxe5 13. dxe5 Nd7 14. f4 Qb6
15. Bd4 Qd8 16. Qh5 g6 17. Qh6 b6 18. Rf3 Nf8 19. Rh3 Bb7 20. Bc3 Rc8 21. Rf1
a5 22. f5 exf5 23. Bxf5 Rc6 24. e6 f6 25. Bxg6 Rexe6 26. Bxh7+ Kf7 27. Bf5 Re7
28. Qh5+ Kg8 29. Qh8+ Kf7 30. Rh7+ Ke8 31. Rh6 Rec7 32. Bxf6 Qd6 33. Bg5 Qc5
34. Bg6+ Rxg6 35. Rxg6 Rf7 36. Rxf7 Kxf7 37. Rf6+ Ke8 38. Bh6 Qc1+ 39. Rf1 Qc6
40. Qxf8+ Kd7 41. Rf7+ Ke6 42. Rf6+ Ke5 43. Qe7+ Qe6 44. Qxe6# 1-0

[Event "Tournoi Skype 008"]
[Site "Skype"]
[Date "????.??.??"]
[Round "1.10"]
[White "Vincent, Andre"]
[Black "Murgia, Stefano"]
[Result "0-1"]
[WhiteElo "1377"]
[BlackElo "1719"]
[PlyCount "52"]

1. d4 d5 2. c4 e5 3. dxe5 d4 4. Nf3 Nc6 5. e3 Bb4+ 6. Nc3 dxc3 7. Qxd8+ Kxd8 8.
Kd1 Bf5 9. a3 cxb2 10. Bxb2 Ba5 11. Rc1 Ke7 12. Ng5 Rd8+ 13. Bd4 Nxe5 14. Be2
c5 15. Nf3 Nxf3 16. Bxf3 cxd4 17. e4 Bg6 18. g4 Nf6 19. h3 d3 20. Rb1 Nxe4 21.
Rxb7+ Kf6 22. Bxe4 Bxe4 23. Rxa7 Bf3+ 24. Kc1 d2+ 25. Kc2 Bxh1 26. Rxa5 d1=Q+
0-1

[Event "Tournoi Skype 008"]
[Site "Skype"]
[Date "????.??.??"]
[Round "1.11"]
[White "Jacquelin, Norbert"]
[Black "Gerbaux, Regis"]
[Result "1-0"]
[WhiteElo "1716"]
[BlackElo "1351"]
[PlyCount "53"]

1. e4 c5 2. Nf3 Nc6 3. d4 cxd4 4. Nxd4 Nf6 5. Nc3 e5 6. Nf5 g6 7. Nd6+ Bxd6 8.
Qxd6 Qe7 9. Nb5 Nxe4 10. Nc7+ Kd8 11. Qxe7+ Kxe7 12. Nxa8 Kd8 13. f3 Nd4 14.
Bd3 Nc5 15. Bg5+ Ke8 16. Nc7+ Kf8 17. Rd1 Nce6 18. Nxe6+ Nxe6 19. Bf6 Rg8 20.
Bxe5 d5 21. O-O b6 22. c4 f6 23. Bd6+ Kf7 24. cxd5 Nc5 25. Bc4 Bb7 26. Bxc5
bxc5 27. d6+ 1-0

[Event "Tournoi Skype 008"]
[Site "Skype"]
[Date "????.??.??"]
[Round "1.12"]
[White "Belouin, Bruno"]
[Black "De Leener, Luc"]
[Result "1-0"]
[WhiteElo "1350"]
[BlackElo "1704"]
[PlyCount "74"]

1. e4 e5 2. c4 Nf6 3. d3 d6 4. Be2 Nc6 5. Nf3 Be7 6. a3 O-O 7. Bd2 a6 8. O-O
Bg4 9. b4 Bxf3 10. Bxf3 Nd4 11. Nc3 c6 12. Be3 b5 13. a4 bxc4 14. dxc4 Rb8 15.
Rb1 Nd7 16. Bg4 Nb6 17. Qd3 c5 18. b5 axb5 19. axb5 Bg5 20. f4 exf4 21. Bxf4
Bxf4 22. Rxf4 Qg5 23. Qg3 Nxc4 24. h4 Qe5 25. Qf2 Na3 26. Rb2 Ndxb5 27. Nxb5
Qxb2 28. Qxb2 Nxb5 29. h5 Nd4 30. Qa2 Rb3 31. Bd1 Rd3 32. Qa4 Rb8 33. h6 g6 34.
Rf6 Re3 35. Rxd6 Rxe4 36. Qa5 Rbe8 37. Rd8 Re1+ 1-0

[Event "Tournoi Skype 008"]
[Site "Skype"]
[Date "????.??.??"]
[Round "1.13"]
[White "Rajpurohit, Dinesh"]
[Black "Ouellet, Emile"]
[Result "1-0"]
[WhiteElo "1699"]
[BlackElo "1331"]
[PlyCount "39"]

1. e4 e5 2. Nf3 d6 3. Bc4 Bg4 4. Nc3 Bxf3 5. Qxf3 Nf6 6. Nd5 Nbd7 7. d3 Be7 8.
g4 Nxd5 9. Bxd5 Nf6 10. Bc4 h6 11. Bd2 c6 12. O-O-O b5 13. Bb3 O-O 14. h4 Nh7
15. g5 hxg5 16. hxg5 Bxg5 17. Qh5 Re8 18. Qxf7+ Kh8 19. Qg6 Bxd2+ 20. Rxd2 1-0

[Event "Tournoi Skype 008"]
[Site "Skype"]
[Date "????.??.??"]
[Round "1.14"]
[White "Clayton, Estelita"]
[Black "Sharma, Mayank"]
[Result "0-1"]
[WhiteElo "1299"]
[BlackElo "1699"]
[PlyCount "60"]

1. d4 Nf6 2. e3 e6 3. Nf3 d5 4. Bb5+ c6 5. Ba4 Nbd7 6. Nc3 Bb4 7. O-O O-O 8.
Ne2 b5 9. Bb3 c5 10. a3 Ba5 11. Bd2 Bxd2 12. Qxd2 Ne4 13. Qd3 c4 14. Bxc4 bxc4
15. Qd1 Qc7 16. b4 c3 17. Nxc3 Nxc3 18. Qd3 Ne4 19. Rac1 Nb6 20. Qb5 Nc4 21. c3
Nxa3 22. Qa4 Nc4 23. b5 Bd7 24. Qb4 Rab8 25. Ra1 Rxb5 26. Qa4 Rb7 27. Qa3 Nxa3
28. Rxa3 Nxc3 29. Rxc3 Qxc3 30. h3 Rfb8 0-1

[Event "Tournoi Skype 008"]
[Site "Skype"]
[Date "????.??.??"]
[Round "1.15"]
[White "Peignien, Laurent"]
[Black "Philibert, Andre"]
[Result "1-0"]
[WhiteElo "1667"]
[BlackElo "1299"]
[PlyCount "41"]

1. e4 e5 2. Nf3 d6 3. d4 exd4 4. Nxd4 Qf6 5. Nc3 Be7 6. Nd5 Qg6 7. Nxc7+ Kf8 8.
Qf3 Nf6 9. Bd3 Bg4 10. Qe3 Nbd7 11. Nxa8 Ne5 12. Qg5 d5 13. Qxe5 Bc5 14. Qb8+
Ne8 15. Nc7 f6 16. Nde6+ Bxe6 17. Nxe6+ Kf7 18. Qxb7+ Kg8 19. Qxd5 Qxg2 20.
Ng5+ Kf8 21. Qf7# 1-0

[Event "Tournoi Skype 008"]
[Site "Skype"]
[Date "????.??.??"]
[Round "1.16"]
[White "Tang, Kim Oanh"]
[Black "Nicole, Chantal"]
[Result "0-1"]
[WhiteElo "1299"]
[BlackElo "1626"]
[PlyCount "46"]

1. d4 d5 2. Nc3 Nf6 3. f3 e6 4. Bg5 c5 5. e3 Nc6 6. Bb5 Bd7 7. Nh3 a6 8. Bxc6
Bxc6 9. b3 cxd4 10. Qxd4 Be7 11. Bf4 Qa5 12. O-O Nh5 13. Ne2 Nxf4 14. Nexf4 Bf6
15. Qd1 Bxa1 16. Qxa1 O-O 17. Nh5 f6 18. a4 d4 19. exd4 Qxh5 20. Nf4 Qf5 21.
Nd3 b5 22. a5 Rac8 23. c3 Qxd3 0-1

[Event "Tournoi Skype 008"]
[Site "Skype"]
[Date "????.??.??"]
[Round "1.17"]
[White "Duthoit, Bernard"]
[Black "Armingaud, Jean-Claude"]
[Result "1-0"]
[WhiteElo "1619"]
[BlackElo "1294"]
[PlyCount "67"]

1. e4 e5 2. d4 d6 3. dxe5 dxe5 4. Qxd8+ Kxd8 5. Nf3 Nc6 6. Bb5 Bg4 7. Bxc6 bxc6
8. Nxe5 Nh6 9. Nxc6+ Kd7 10. Ne5+ Ke6 11. Nd3 Rd8 12. f3 Bh5 13. Be3 f5 14.
Bxa7 fxe4 15. Nf4+ Kf5 16. Nxh5 e3 17. Bxe3 Be7 18. Nxg7+ Kg6 19. Ne6 Rd7 20.
Nc3 Nf5 21. Bf4 Kf6 22. Nxc7 Bd6 23. N3d5+ Kg6 24. Bxd6 Rxd6 25. O-O-O Rhd8 26.
a4 Ne3 27. Nxe3 R8d7 28. Ncd5 h5 29. b4 Kg5 30. a5 Ra6 31. f4+ Kg6 32. Kb2 Rb7
33. c3 Rb5 34. Nc7 1-0

[Event "Tournoi Skype 008"]
[Site "Skype"]
[Date "????.??.??"]
[Round "1.19"]
[White "Le Brun, Yves"]
[Black "Picard, Mario"]
[Result "1-0"]
[WhiteElo "1607"]
[BlackElo "1270"]
[PlyCount "41"]

1. Nf3 d5 2. g3 Nf6 3. Bg2 g6 4. d4 Bg7 5. Nbd2 O-O 6. O-O Nbd7 7. e4 dxe4 8.
Ng5 c5 9. Ngxe4 cxd4 10. Nxf6+ exf6 11. Nb3 Re8 12. Nxd4 a6 13. c3 Rb8 14. Bf4
Ne5 15. Qb3 b5 16. Bd5 Be6 17. Nxe6 Rxe6 18. Bxe6 fxe6 19. Qxe6+ Kh8 20. Rad1
Nd3 21. Bxb8 1-0

[Event "Tournoi Skype 008"]
[Site "Skype"]
[Date "????.??.??"]
[Round "1.20"]
[White "Porcabeuf, Jean-Marc"]
[Black "Megelas, Florent"]
[Result "0-1"]
[WhiteElo "1259"]
[BlackElo "1571"]
[PlyCount "72"]

1. d4 d5 2. c4 e6 3. Nf3 Nf6 4. Bg5 Be7 5. e3 h6 6. Bxf6 Bxf6 7. Nc3 dxc4 8.
Bxc4 O-O 9. O-O Nc6 10. Ne2 b6 11. Ng3 Bb7 12. Re1 Rc8 13. Bb3 Ne7 14. e4 Ng6
15. Bc2 c5 16. e5 Be7 17. Qd2 Bxf3 18. gxf3 cxd4 19. Qd3 Bh4 20. Rad1 Re8 21.
Qe4 Qd5 22. Rxd4 Qxe5 23. Qxe5 Nxe5 24. Rxe5 Bxg3 25. Ba4 Bxe5 26. Rd7 Bxb2 27.
Rxa7 Red8 28. Bb5 Rd5 29. a4 Rc1+ 30. Kg2 Rg5+ 31. Kh3 Rcg1 32. Ra8+ Kh7 33.
Bd3+ f5 34. Kh4 Bf6 35. Rf8 R5g4+ 36. Kh5 g6# 0-1

[Event "Tournoi Skype 008"]
[Site "Skype"]
[Date "????.??.??"]
[Round "1.22"]
[White "Martin, Elise"]
[Black "Janssen, Gerard"]
[Result "0-1"]
[WhiteElo "1234"]
[BlackElo "1548"]
[PlyCount "40"]

1. d4 d5 2. c4 e6 3. e3 Nf6 4. Nf3 c5 5. Nc3 Nc6 6. Be2 dxc4 7. Bxc4 a6 8. O-O
b5 9. Bb3 c4 10. Bc2 Nb4 11. Be4 Nxe4 12. Nxe4 Bb7 13. Neg5 h6 14. Nh3 Bd6 15.
Bd2 Nd3 16. e4 Bxe4 17. Ne5 Nxe5 18. dxe5 Bxe5 19. Qe1 Qd5 20. Kh1 Bxg2+ 0-1

[Event "Tournoi Skype 008"]
[Site "Skype"]
[Date "????.??.??"]
[Round "1.24"]
[White "Melin, Christiane"]
[Black "Malbec, Robert"]
[Result "0-1"]
[WhiteElo "1190"]
[BlackElo "1528"]
[PlyCount "44"]

1. e4 c6 2. d3 d5 3. f3 e5 4. c4 Nf6 5. Ne2 Bc5 6. Nbc3 Be6 7. Ng3 O-O 8. Be2
Nbd7 9. b3 a6 10. Na4 Ba7 11. Bg5 b5 12. Nc3 h6 13. Qd2 hxg5 14. Qxg5 Qa5 15.
Rc1 d4 16. Kd2 dxc3+ 17. Rxc3 Qxa2+ 18. Kd1 Bd4 19. Rc2 Qxb3 20. Nh5 Nxh5 21.
Qxh5 Be3 22. f4 Qb1+ 0-1

[Event "Tournoi Skype 008"]
[Site "Skype"]
[Date "????.??.??"]
[Round "1.25"]
[White "De Coninck, Philippe"]
[Black "Rival, Jocelyn"]
[Result "1-0"]
[WhiteElo "1526"]
[BlackElo "1160"]
[PlyCount "59"]

1. e4 e5 2. Nf3 Nc6 3. Bb5 Nf6 4. Bxc6 dxc6 5. Nc3 Bd6 6. h3 O-O 7. d4 Re8 8.
O-O Be6 9. dxe5 Bb4 10. Qxd8 Rexd8 11. exf6 gxf6 12. Bd2 Bf8 13. Rfd1 Bg7 14.
Bf4 f5 15. Bxc7 Rdc8 16. Be5 f6 17. exf5 Bxf5 18. Nd4 fxe5 19. Nxf5 Bf6 20. Ne4
Kf7 21. Nfd6+ Ke7 22. Nxc8+ Rxc8 23. Nxf6 Kxf6 24. Rd7 b5 25. Rad1 c5 26. R1d6+
Kf5 27. Rf7+ Ke4 28. Kf1 a5 29. Ke2 b4 30. f3# 1-0

[Event "Tournoi Skype 008"]
[Site "Skype"]
[Date "????.??.??"]
[Round "1.26"]
[White "Vervoort, Jean-Louis"]
[Black "Antonic, Nenad"]
[Result "1-0"]
[WhiteElo "1155"]
[BlackElo "1525"]
[PlyCount "61"]

1. e4 e6 2. d4 d5 3. e5 c5 4. c3 cxd4 5. cxd4 Bb4+ 6. Bd2 Qb6 7. Nf3 Bxd2+ 8.
Nbxd2 Qxb2 9. Nb3 Qc3+ 10. Nbd2 Qa5 11. Bd3 Ne7 12. O-O Bd7 13. Qb3 Qc7 14.
Rfc1 Nbc6 15. Rc3 a6 16. Rac1 O-O 17. Ng5 g6 18. Qc2 Qd8 19. Ndf3 Rb8 20. Nh4
Nb4 21. Qb1 Nxd3 22. Qxd3 Bb5 23. Qc2 Nc6 24. Rd1 Nb4 25. Qd2 Nc6 26. Rh3 Ne7
27. Nxh7 Kxh7 28. Nxg6+ Kxg6 29. Qh6+ Kf5 30. Rh5+ Ke4 31. Qe3# 1-0

[Event "Tournoi Skype 008"]
[Site "Skype"]
[Date "????.??.??"]
[Round "1.27"]
[White "Dubois, Real"]
[Black "Tamditi, Ibrahim"]
[Result "1-0"]
[WhiteElo "1500"]
[BlackElo "1140"]
[PlyCount "49"]

1. d4 d6 2. c4 Nf6 3. Nf3 Nbd7 4. e3 e5 5. dxe5 Nxe5 6. Nxe5 dxe5 7. Qxd8+ Kxd8
8. b3 Bb4+ 9. Bd2 Bxd2+ 10. Nxd2 b6 11. Bd3 Ba6 12. O-O e4 13. Bc2 Nd7 14. Bxe4
Rb8 15. Nf3 Re8 16. Bc6 Re7 17. Rfd1 Bc8 18. Rd5 Bb7 19. Bxb7 Rxb7 20. Rad1 c6
21. Re5 Ke8 22. Rxe7+ Kxe7 23. Nd4 Ne5 24. Nf5+ Kf8 25. Rd8# 1-0

[Event "Tournoi Skype 008"]
[Site "Skype"]
[Date "????.??.??"]
[Round "1.28"]
[White "Blaevoet, Rebecca"]
[Black "Ahmed, Tauseef"]
[Result "0-1"]
[WhiteElo "1138"]
[BlackElo "1499"]
[PlyCount "50"]

1. c4 e5 2. b3 Bc5 3. d4 Bxd4 4. Nf3 Bxa1 5. e3 e4 6. Nfd2 d5 7. b4 Qf6 8. Nb3
Bc3+ 9. Bd2 Bxd2+ 10. N1xd2 Nh6 11. h3 Qh4 12. Be2 Nf5 13. cxd5 Nxe3 14. Qa1
Nc2+ 15. Kd1 Nxa1 16. Nxa1 Qxf2 17. Bb5+ Bd7 18. Nxe4 Qxg2 19. Re1 Bxb5 20. d6
Ba4+ 21. Nb3 Qxa2 22. dxc7 Nc6 23. Nd6+ Kd7 24. Nxf7 Bxb3+ 25. Kc1 Qc2# 0-1

[Event "Tournoi Skype 008"]
[Site "Skype"]
[Date "????.??.??"]
[Round "1.30"]
[White "Rondeau, Annie"]
[Black "Hague, Mark"]
[Result "0-1"]
[WhiteElo "1044"]
[BlackElo "1499"]
[PlyCount "90"]

1. e4 c5 2. Nf3 d6 3. Bc4 Bg4 4. O-O Nf6 5. h3 Bxf3 6. Qxf3 Nc6 7. d3 Qc7 8. c3
Ne5 9. Qg3 g6 10. Nd2 Bg7 11. Nf3 Nxf3+ 12. Qxf3 O-O 13. Bg5 Rfe8 14. Bb5 Red8
15. Bxf6 Bxf6 16. Rae1 Bg7 17. Bc4 e6 18. g4 Re8 19. e5 Bxe5 20. Qe3 Bg7 21. f4
Rf8 22. Rf2 Qd7 23. h4 d5 24. Bb3 d4 25. Qh3 dxc3 26. bxc3 Bxc3 27. h5 Bd4 28.
hxg6 Bxf2+ 29. Kxf2 Qd4+ 30. Ke2 fxg6 31. Rh1 Qg7 32. Bxe6+ Kh8 33. Bf5 gxf5
34. gxf5 Rae8+ 35. Kf3 c4 36. dxc4 Qc3+ 37. Kg4 Qxh3+ 38. Rxh3 Rg8+ 39. Kh5
Ref8 40. Re3 Rxf5+ 41. Kh4 Rg6 42. Re8+ Rg8 43. Re7 Rxf4+ 44. Kh5 Rf2 45. Kh6
Rh2# 0-1

[Event "Tournoi Skype 008"]
[Site "Skype"]
[Date "????.??.??"]
[Round "1.32"]
[White "Talbot, Jacques"]
[Black "Raheja, Shiv"]
[Result "1-0"]
[WhiteElo "1462"]
[BlackElo "1499"]
[PlyCount "75"]

1. e4 e5 2. Nf3 Nc6 3. Bb5 Bc5 4. c3 Nf6 5. d4 exd4 6. cxd4 Bb4+ 7. Bd2 Nxe4 8.
Bxb4 Nxb4 9. O-O a6 10. Bd3 Nf6 11. Re1+ Kf8 12. a3 Nbd5 13. Qc2 d6 14. Nc3 Be6
15. Ng5 Qd7 16. Nxe6+ fxe6 17. Nxd5 exd5 18. Bf5 Qf7 19. Re2 g6 20. Be6 Qg7 21.
Rae1 Ne4 22. Bxd5 Nf6 23. Bxb7 Re8 24. Rxe8+ Nxe8 25. Bxa6 Kf7 26. Qe4 Rf8 27.
Qe7+ Kg8 28. Bc4+ Kh8 29. Qxe8 h5 30. Qe7 Kh7 31. Qxg7+ Kxg7 32. Re7+ Kf6 33.
Rxc7 Kg5 34. Rf7 Re8 35. Kf1 Re4 36. Bd3 Rxd4 37. Ke2 Rh4 38. h3 1-0

[Event "Tournoi Skype 008"]
[Site "Skype"]
[Date "????.??.??"]
[Round "2.1"]
[White "Bourdeau, Yvan"]
[Black "Ayotte, Jocelyn"]
[Result "0-1"]
[WhiteElo "1607"]
[BlackElo "2110"]
[PlyCount "62"]

1. e4 d6 2. d4 g6 3. Nf3 Bg7 4. Bc4 Nf6 5. Qd3 O-O 6. c3 c6 7. Nbd2 d5 8. Bb3
b6 9. Qb1 Ba6 10. Bc2 Nh5 11. g3 Qc8 12. Bd3 dxe4 13. Bxe4 Qe6 14. Ng5 Qg4 15.
Ngf3 Nf6 16. h3 Qc8 17. Nf1 Bb7 18. N1d2 Re8 19. Kf1 Nxe4 20. Nxe4 c5 21. Be3
f5 22. Ned2 e5 23. Rh2 Nd7 24. Ng1 cxd4 25. cxd4 exd4 26. Bf4 Qc6 27. f3 Nc5
28. h4 Ba6+ 29. Kf2 Rac8 30. h5 Nd3+ 31. Kg2 Re1 0-1

[Event "Tournoi Skype 008"]
[Site "Skype"]
[Date "????.??.??"]
[Round "2.2"]
[White "Auger, Bertrand"]
[Black "Le Brun, Yves"]
[Result "1-0"]
[WhiteElo "2027"]
[BlackElo "1607"]
[PlyCount "69"]

1. Nf3 d5 2. g3 g6 3. Bg2 Bg7 4. d4 c6 5. O-O Nf6 6. c4 O-O 7. b3 Bf5 8. Bb2
Nbd7 9. Nbd2 a5 10. Nh4 Be6 11. e4 Nb6 12. e5 Ng4 13. Qe2 g5 14. Nhf3 f5 15.
exf6 Rxf6 16. c5 Nc8 17. Nxg5 Bd7 18. Bh3 Rg6 19. Bxg4 Rxg5 20. Be6+ Bxe6 21.
Qxe6+ Kh8 22. Nf3 Rg6 23. Qf7 Rf6 24. Ng5 Qf8 25. Qxf8+ Bxf8 26. Rae1 Bh6 27.
h4 a4 28. b4 Ra7 29. f4 b6 30. f5 Bxg5 31. hxg5 Rf7 32. f6 bxc5 33. dxc5 Rd7
34. fxe7+ Kg8 35. e8=Q+ 1-0

[Event "Tournoi Skype 008"]
[Site "Skype"]
[Date "????.??.??"]
[Round "2.3"]
[White "Megelas, Florent"]
[Black "Hervais, Adrien"]
[Result "0-1"]
[WhiteElo "1571"]
[BlackElo "1992"]
[PlyCount "112"]

1. e4 e5 2. Nf3 d6 3. Bc4 Nd7 4. O-O g6 5. c3 Bg7 6. d3 Ne7 7. Nbd2 O-O 8. Nb3
c6 9. d4 a6 10. Be3 b5 11. Be2 Qc7 12. Rc1 Bb7 13. c4 b4 14. d5 c5 15. Rb1 h6
16. a3 a5 17. a4 Qd8 18. Nbd2 f5 19. Nb3 fxe4 20. Nfd2 Nf6 21. f3 Nf5 22. Bf2
e3 23. Be1 exd2 24. Qxd2 Qe7 25. Bg3 Nxg3 26. hxg3 e4 27. fxe4 Nxe4 28. Qe3 Qe5
29. Bg4 Nxg3 30. Qxe5 Bxe5 31. Rfe1 Rf4 32. Be6+ Kh7 33. Nd2 Bd4+ 34. Kh2 Bf2
35. Red1 Rh4+ 36. Bh3 g5 37. Nf3 Rxc4 38. Rd2 Be3 39. Kxg3 Bxd2 40. Nxd2 Rd4
41. Nf3 Rxd5 42. Re1 Bc6 43. Re7+ Kg6 44. b3 Rd3 45. Re6+ Kg7 46. Bf5 Rxb3 47.
Rxd6 Bxf3 48. gxf3 c4 49. Rg6+ Kf7 50. Rxh6 Re3 51. Rc6 c3 52. Kf2 Re5 53. Bc2
Rd8 54. Bb3+ Ke7 55. Rc4 Rd2+ 56. Kg3 Rb2 0-1

[Event "Tournoi Skype 008"]
[Site "Skype"]
[Date "????.??.??"]
[Round "2.4"]
[White "Harnandan, Sergio"]
[Black "Engstrom, Olle"]
[Result "1-0"]
[WhiteElo "1982"]
[BlackElo "1570"]
[PlyCount "41"]

1. d4 Nf6 2. Nc3 g6 3. e4 d6 4. f4 Bg7 5. Nf3 O-O 6. e5 dxe5 7. fxe5 Nd5 8. Bc4
Nb6 9. Bb3 Bg4 10. Be3 Nc6 11. O-O Nb4 12. h3 Bxf3 13. Qxf3 e6 14. Ne4 N4d5 15.
Bg5 Qe8 16. c4 Nb4 17. Bf6 Bh6 18. Nf2 Qc6 19. Ng4 Bg7 20. Qf4 Nd3 21. Qh6 1-0

[Event "Tournoi Skype 008"]
[Site "Skype"]
[Date "????.??.??"]
[Round "2.5"]
[White "Janssen, Gerard"]
[Black "Catherine, Bertrand"]
[Result "0-1"]
[WhiteElo "1548"]
[BlackElo "1965"]
[PlyCount "80"]

1. d4 c5 2. d5 e5 3. c4 d6 4. Nc3 f5 5. e4 f4 6. Nf3 Be7 7. Be2 Nh6 8. h3 O-O
9. Nh2 Na6 10. Ng4 Nf7 11. Bd2 Nc7 12. Qb3 Rb8 13. g3 Ng5 14. gxf4 exf4 15. f3
h5 16. Nf2 Nh7 17. O-O-O Bf6 18. Rdg1 Be5 19. Nd3 Qf6 20. Nxe5 dxe5 21. h4 a6
22. Nd1 Qd6 23. Nf2 b5 24. a3 Bd7 25. Nd3 bxc4 26. Qxc4 Bb5 27. Qc3 Bxd3 28.
Bxd3 Nb5 29. Bxb5 axb5 30. Qa5 Rf7 31. Rg2 Nf8 32. Rg5 g6 33. Rhg1 Kh7 34. Qc3
Re7 35. Qd3 b4 36. axb4 cxb4 37. Kc2 Rc7+ 38. Kb3 Ne6 39. Qf1 Ra8 40. dxe6
Qxe6+ 0-1

[Event "Tournoi Skype 008"]
[Site "Skype"]
[Date "????.??.??"]
[Round "2.6"]
[White "Deville, Olivier"]
[Black "De Coninck, Philippe"]
[Result "1-0"]
[WhiteElo "1899"]
[BlackElo "1526"]
[PlyCount "57"]

1. Nf3 Nc6 2. d4 Nf6 3. d5 Nb4 4. c4 c6 5. Nc3 cxd5 6. cxd5 e6 7. e4 Bd6 8. e5
Nbxd5 9. exd6 Nxc3 10. bxc3 O-O 11. Bd3 g6 12. Bg5 Kg7 13. Qd2 Re8 14. Ne5 Qa5
15. Nc4 Qd5 16. O-O b5 17. Bxf6+ Kxf6 18. Qf4+ Kg7 19. Qe5+ f6 20. Qxd5 exd5
21. Ne3 Re6 22. Bxb5 Rxd6 23. Rad1 Bb7 24. c4 d4 25. c5 Re6 26. Rxd4 Bc6 27.
Bxc6 dxc6 28. Rd7+ Kf8 29. Rxh7 1-0

[Event "Tournoi Skype 008"]
[Site "Skype"]
[Date "????.??.??"]
[Round "2.7"]
[White "Malbec, Robert"]
[Black "Lambert, Pierre"]
[Result "0-1"]
[WhiteElo "1528"]
[BlackElo "1822"]
[PlyCount "80"]

1. e4 e5 2. Nf3 Nc6 3. Bb5 a6 4. Ba4 Nf6 5. O-O b5 6. Bb3 Be7 7. Re1 O-O 8. c3
d6 9. d4 Bg4 10. d5 Na5 11. Bc2 c5 12. h3 Bh5 13. Nbd2 Re8 14. Nf1 h6 15. Ng3
Bg6 16. b3 c4 17. b4 Nb7 18. Be3 a5 19. a3 axb4 20. axb4 Rxa1 21. Qxa1 Nxd5 22.
Qa6 Nxe3 23. Rxe3 Qd7 24. Re1 Rc8 25. Rd1 Qc6 26. Qa7 Bd8 27. Qe3 Bb6 28. Qe2
Ra8 29. Nh4 Ra2 30. Rd2 Qd7 31. Nhf5 Qe6 32. Bb1 Rxd2 33. Qxd2 Qf6 34. Qd5 Nd8
35. Qxb5 Ba7 36. Qxc4 Ne6 37. Qa6 Bxf5 38. exf5 Bd4 39. fxe6 Qxf2+ 40. Kh2 Qg1#
0-1

[Event "Tournoi Skype 008"]
[Site "Skype"]
[Date "????.??.??"]
[Round "2.8"]
[White "Plourde, Alain"]
[Black "Dubois, Real"]
[Result "1-0"]
[WhiteElo "1789"]
[BlackElo "1500"]
[PlyCount "123"]

1. d4 d5 2. c4 e6 3. Nc3 c6 4. Nf3 Bb4 5. a3 Bxc3+ 6. bxc3 Nf6 7. Bg5 Nbd7 8.
e3 O-O 9. Qc2 Qe8 10. cxd5 cxd5 11. Bb5 Ne4 12. Bf4 a6 13. Bd3 Ndf6 14. O-O Qd8
15. Ne5 Nd6 16. c4 dxc4 17. Nxc4 Nxc4 18. Qxc4 b5 19. Qc7 Qxc7 20. Bxc7 Nd5 21.
Ba5 Re8 22. Rfc1 Bb7 23. Kf1 Rac8 24. Ke2 Rxc1 25. Rxc1 Rc8 26. Rxc8+ Bxc8 27.
a4 bxa4 28. Kd2 g6 29. Kc2 Kf8 30. Kb2 Ke8 31. Ka3 Kd7 32. Kxa4 f5 33. Bd2 Kc6
34. Ka5 Nc7 35. f3 Nb5 36. g4 Nd6 37. gxf5 gxf5 38. e4 fxe4 39. fxe4 Bb7 40. h4
h5 41. Be1 Bc8 42. Bf2 Nb5 43. Be2 Nc3 44. Bf3 Kc7 45. Kb4 Nb5 46. Bxh5 Kd6 47.
Bg3+ Kc6 48. Be8+ Bd7 49. Bxd7+ Kxd7 50. Kc5 Nc3 51. Be5 Nxe4+ 52. Kb6 a5 53.
Kxa5 Nc3 54. h5 Nd5 55. h6 Ne7 56. h7 Ng6 57. h8=Q Nxh8 58. Bxh8 Kd6 59. Be5+
Kd5 60. Kb6 Ke4 61. Kc6 Kf5 62. Kd6 1-0